Letters from India : (Record no. 328841)

000 -LEADER
fixed length control field 01457cam a2200313 i 4500
001 - CONTROL NUMBER
control field 887131
003 - CONTROL NUMBER IDENTIFIER
control field Nust
005 - DATE AND TIME OF LATEST TRANSACTION
control field 20170417180105.0
008 - FIXED-LENGTH DATA ELEMENTS--GENERAL INFORMATION
fixed length control field 801125r19791834pk a b 000 0 eng
010 ## - LIBRARY OF CONGRESS CONTROL NUMBER
LC control number 80132775
020 ## - INTERNATIONAL STANDARD BOOK NUMBER
International Standard Book Number 0195772164 (set)
040 ## - CATALOGING SOURCE
Original cataloging agency DLC
Transcribing agency DLC
Modifying agency DLC
041 1# - LANGUAGE CODE
Language code of text/sound track or separate title engfre
043 ## - GEOGRAPHIC AREA CODE
Geographic area code a-ii---
050 00 - LIBRARY OF CONGRESS CALL NUMBER
Classification number DS412
Item number .J2313 1979
082 00 - DEWEY DECIMAL CLASSIFICATION NUMBER
Classification number 915.4/04314
Edition number 19
100 1# - MAIN ENTRY--PERSONAL NAME
Personal name Jacquemont, Victor,
Dates associated with a name 1801-1832.
240 10 - UNIFORM TITLE
Uniform title Correspondance de Victor Jacquemont ... pendant son voyage dans l'Inde (1828-1832).
Language of a work English
245 10 - TITLE STATEMENT
Title Letters from India :
Remainder of title describing a journey in the British dominions of India, Tibet, Lahore, and Cashmere, during the years 1828, 1829, 1830, 1831, undertaken by order of the French government /
Statement of responsibility, etc. by Victor Jacquemont ; with an introd. by John Rosselli.
260 ## - PUBLICATION, DISTRIBUTION, ETC.
Place of publication, distribution, etc. Karachi ;
-- New York :
Name of publisher, distributor, etc. Oxford University Press,
Date of publication, distribution, etc. 1979.
300 ## - PHYSICAL DESCRIPTION
Extent 2 v. :
Other physical details ill. ;
Dimensions 22 cm.
440 #0 - SERIES STATEMENT/ADDED ENTRY--TITLE
Title Oxford in Asia historical reprints from Pakistan
500 ## - GENERAL NOTE
General note Translation of Correspondance de Victor Jacquemont avec sa famille et plusieurs de ses amis pendant son voyage dans l'Inde (1828-1832)
500 ## - GENERAL NOTE
General note Reprint of the 1834 ed. published by E. Churton, London.
504 ## - BIBLIOGRAPHY, ETC. NOTE
Bibliography, etc. note Includes bibliographical references.
600 10 - SUBJECT ADDED ENTRY--PERSONAL NAME
Personal name Jacquemont, Victor,
Dates associated with a name 1801-1832.
651 #0 - SUBJECT ADDED ENTRY--GEOGRAPHIC NAME
Geographic name India
General subdivision Description and travel.
906 ## - LOCAL DATA ELEMENT F, LDF (RLIN)
a 7
b cbc
c orignew
d 2
e ncip
f 19
g y-gencatlg
942 ## - ADDED ENTRY ELEMENTS (KOHA)
Source of classification or shelving scheme
Koha item type Book
Holdings
Withdrawn status Lost status Source of classification or shelving scheme Damaged status Not for loan Permanent Location Current Location Date acquired Total Checkouts Full call number Barcode Date last seen Price effective from Koha item type
          School of Civil and Environmental Engineering (SCEE) School of Civil and Environmental Engineering (SCEE) 04/17/2017   915.4 JAC NIT-9072 04/17/2017 04/17/2017 Book
          School of Civil and Environmental Engineering (SCEE) School of Civil and Environmental Engineering (SCEE) 04/17/2017   915.4 JAC NIT-9073 04/17/2017 04/17/2017 Book
© 2023 Central Library, National University of Sciences and Technology. All Rights Reserved.